<?xml version="1.0" encoding="UTF-8"?>
<marc:record xmlns:marc="http://www.loc.gov/MARC21/slim">
   <marc:leader>00000nam a2200000 a 4500</marc:leader>
   <marc:datafield ind1=" " ind2=" " tag="653">
      <marc:subfield code="a">Karton</marc:subfield>
   </marc:datafield>
   <marc:datafield ind1=" " ind2=" " tag="653">
      <marc:subfield code="a">Wolf</marc:subfield>
   </marc:datafield>
   <marc:datafield ind1=" " ind2=" " tag="653">
      <marc:subfield code="a">Mitmachbuch</marc:subfield>
   </marc:datafield>
   <marc:datafield ind1="0" ind2="0" tag="245">
      <marc:subfield code="a">Da kommt der Wolf!</marc:subfield>
   </marc:datafield>
   <marc:datafield ind1=" " ind2="1" tag="264">
      <marc:subfield code="b">Moritz</marc:subfield>
      <marc:subfield code="c">2014</marc:subfield>
   </marc:datafield>
   <marc:datafield ind1="1" ind2=" " tag="520">
      <marc:subfield code="a">O je – der Wolf ist da! Er kommt näher und näher. Wie kriegt kind ihn bloß los? Dieses Bilderbuch hat es in sich! Es spielt mit dem Grusel vor dem Wolf, der unaufhaltsam auf den Betrachter zueilt – auf dem Cover winzig klein, bis er raumfüllend auf der letzten Seite steht. Nicht das Schräghalten des Buches kann ihn aufhalten und auch nicht heftiges Schütteln oder auf den Kopfstellen. Aber eins hilft doch: Das Buch schnell zuklappen! Und dann? Geht natürlich alles wieder von vorne los. Mit einfachen, aber pfiffiigen Ideen schaffen es die beiden französischen Büchermacher ein Buch in ein interaktives Erlebnis zu verwandeln! Der Erfolg bei Kindern wird nicht ausbleiben, ist doch Gruselspaß einer der schönsten!</marc:subfield>
   </marc:datafield>
   <marc:datafield ind1=" " ind2=" " tag="020">
      <marc:subfield code="a">9783895652783</marc:subfield>
      <marc:subfield code="9">9783895652783</marc:subfield>
   </marc:datafield>
</marc:record>
